| 000 | 00467nam a22001697a 4500 | ||
|---|---|---|---|
| 005 | 20251108175646.0 | ||
| 008 | 250721s2016 xx 000 0 ara d | ||
| 082 | 1 | 4 | _a333.7/محي |
| 100 | 1 | _aمحيو، سعد | |
| 245 | 1 | 0 | _aالخروج من جهنم / |
| 264 | 1 |
_aبيروت : _bمركز دراسات الوحدة العربية، _c2016. |
|
| 300 | _a256ص. | ||
| 650 | 1 | 7 | _aالبيئة |
| 650 | 1 | 7 | _aالعولمة |
| 942 |
_2ddc _cBK |
||
| 999 |
_c139360 _d139360 |
||